00281nam a2200097Ia 4500008004100000082001700041100002000058245006100078260003600139300000800175210430s9999 xx 000 0 und d a909 B 4561 W aJames D.Bennett aWriting History Papers An Introduction cJames D.Bennett aIndiabMehra Offset Pressc2007 a63p